[Event "ESP-ch U14 rapid"]
[Site "Salobrena"]
[Date "2023.07.22"]
[Round "4"]
[White "Prochaieva, Tina"]
[Black "Oubina Pazos, Ricardo"]
[Result "0-1"]
[WhiteElo "1319"]
[BlackElo "1669"]
[PlyCount "94"]
[EventDate "2023.07.22"]
[EventType "swiss (rapid)"]
[EventRounds "9"]
[EventCountry "ESP"]
[SourceTitle "EXT 2024"]
[Source "ChessBase"]
[SourceDate "2023.10.10"]
[SourceVersion "1"]
[SourceVersionDate "2023.10.10"]
[SourceQuality "1"]

1. d4 d5 2. Nf3 e6 3. c4 Nf6 4. Nc3 Be7 5. Bg5 c6 6. e3 0-0 7. Bd3 h6 8. Bh4 Ne8 9. Bxe7 Qxe7 10. cxd5 exd5 11. 0-0 Nd7 12. Qc2 Ndf6 13. Rfe1 Nd6 14. Rac1 Re8 15. a3 Bg4 16. Ne5 Be6 17. Na4 Nfe4 18. Nc5 f6 19. Ng6 Qf7 20. Nxe4 Nxe4 21. Bxe4 dxe4 22. Qxe4 f5 23. Qe5 Qxg6 24. Qc7 Qf7 25. Qa5 Bd5 26. f3 Qg6 27. Re2 Bxf3 28. Rf2 Bd5 29. Re1 b6 30. Qc3 f4 31. Qd2 fxe3 32. Rxe3 Rxe3 33. Qxe3 Re8 34. Qc1 Qe4 35. b4 Qxd4 36. Kf1 Qe4 37. Kg1 Bc4 38. h3 Bd5 39. Qf1 Qe3 40. Kh1 Kh7 41. Kh2 Qe5+ 42. Kg1 Qe1 43. Qxe1 Rxe1+ 44. Rf1 Rxf1+ 45. Kxf1 Kg6 46. Kf2 Kf5 47. Ke3 Bxg2 0-1

[Event "Oviedo op 8th"]
[Site "Oviedo"]
[Date "2022.07.18"]
[Round "3"]
[White "Prochaieva, Tina"]
[Black "Kila Ruiz, Ichiro"]
[Result "0-1"]
[WhiteElo "1264"]
[BlackElo "1799"]
[PlyCount "54"]
[EventDate "2022.07.17"]
[EventType "swiss"]
[EventRounds "9"]
[EventCountry "ESP"]
[SourceTitle "CBM 209 Extra"]
[Source "ChessBase"]
[SourceDate "2022.09.30"]
[SourceVersion "1"]
[SourceVersionDate "2022.09.30"]
[SourceQuality "1"]

1. d4 Nf6 2. Nf3 e6 3. c4 Bb4+ 4. Nc3 b6 5. Qb3 Bxc3+ 6. Qxc3 Ne4 7. Qc2 Bb7 8. e3 0-0 9. Bd3 f5 10. 0-0 Rf6 11. Nd2 Rh6 12. Nxe4 fxe4 13. Be2 Qh4 14. h3 Nc6 15. a3 Rf8 16. Bg4 Ne7 17. d5 exd5 18. cxd5 Nxd5 19. Bxd7 Rg6 20. Kh2 Qe7 21. Bb5 Qe5+ 22. Kg1 Bc8 23. Kh1 Rxg2 24. Kxg2 Qg5+ 25. Kh1 Rf3 26. Bd7 Bxd7 27. Qxe4 Rxh3# 0-1

[Event "Heraklion op 28th"]
[Site "Heraklion"]
[Date "2020.01.10"]
[Round "9"]
[White "Prochaieva, Tina"]
[Black "Saklampanakis, Dimitrios"]
[Result "0-1"]
[WhiteElo "1044"]
[BlackElo "1222"]
[PlyCount "68"]
[EventDate "2020.01.03"]
[EventType "swiss"]
[EventRounds "9"]
[EventCountry "GRE"]
[SourceTitle "CBM 194 Extra"]
[Source "ChessBase"]
[SourceDate "2020.03.31"]
[SourceVersion "1"]
[SourceVersionDate "2020.03.31"]
[SourceQuality "1"]

1. Nf3 Nf6 2. e3 g6 3. b3 Bg7 4. Bb2 d5 5. d4 0-0 6. Bd3 Nbd7 7. Nbd2 c5 8. 0-0 e6 9. Ba3 b6 10. c4 Re8 11. Re1 Bb7 12. cxd5 exd5 13. Bb5 a6 14. dxc5 axb5 15. Bb2 bxc5 16. Qe2 Ba6 17. Rac1 b4 18. Qd1 Nh5 19. Bxg7 Nxg7 20. Nf1 Bb7 21. Qd2 Qb6 22. e4 Rxe4 23. Rxe4 dxe4 24. Ng5 Nf6 25. Ng3 Qc6 26. Qe3 Rxa2 27. Rxc5 Ra1+ 28. Nf1 Ba6 29. h3 Rxf1+ 30. Kh2 Qd6+ 31. g3 Qd1 32. g4 Rh1+ 33. Kg3 Qg1+ 34. Kh4 Qxg4# 0-1